| 000 | 01009cab a2200289 4500 | ||
|---|---|---|---|
| 001 | ABS53168 | ||
| 008 | 090401t1995 xxu||||| |||| 00| 0 eng d | ||
| 035 | _a(Sirsi) u2493 | ||
| 041 | _aeng | ||
| 245 | _aDesign and build | ||
| 260 | _c1995 | ||
| 350 | _a0 | ||
| 490 |
_aBuilding _vSupplement 7 July 1995 (LOAN) |
||
| 520 | _aIncludes discussion on the impact of novation on D&B, particularly the contractors` complaint that it increases their burden of risk but denies them the design input, profiles of D&B projects and Higgs and Hill`s D&B strategy and a review of the use of D&B by housing associations. | ||
| 650 | _aBRIDGEWATER HALL | ||
| 650 | _aCONSTRUCTION PROCUREMENT | ||
| 650 | _aDESIGN AND BUILD MARKET | ||
| 650 | _aDESIGN AND BUILD PROJECTS | ||
| 650 | _aDESIGN AND BUILD | ||
| 650 | _aHAPM | ||
| 650 | _aHIGGS AND HILL | ||
| 650 | _aHOUSING ASSOCIATIONS | ||
| 650 | _aNOVATION | ||
| 690 | _aBUILT ENVIRONMENT-BUILDING CONTRACT FORMS | ||
| 942 | _n0 | ||
| 948 | _c04/03/1997 | ||
| 999 |
_c1505 _d1505 |
||